Nová pravidla obchodu. 9 Dohoda o investičních opatřeních

Ustanovenia o cudzích investíciách v Charte ekonomických práv a povinností štátu podľa článku 2, ktorý stanovuje právo každého štátu regulovať zahraničné investície a vykonávať nad nimi právomoc v rámci národnej jurisdikcie. Aspekty cudzích investícií v ďalších medzinárodných dokumentoch. Investície...

Ausführliche Beschreibung

Gespeichert in:
Bibliographische Detailangaben
1. Verfasser: Jung, Z.
Format: Buchkapitel
Sprache:Tschechisch
Schlagworte:
Tags: Tag hinzufügen
Keine Tags, Fügen Sie das erste Tag hinzu!

MARC

LEADER 00000naa a2200000 4500
001 r019129
005 20221208131236.2
041 0 |a cze 
044 |a CZ 
245 1 0 |a Nová pravidla obchodu. 9  |b Dohoda o investičních opatřeních  |c Z. Jung 
520 |a Ustanovenia o cudzích investíciách v Charte ekonomických práv a povinností štátu podľa článku 2, ktorý stanovuje právo každého štátu regulovať zahraničné investície a vykonávať nad nimi právomoc v rámci národnej jurisdikcie. Aspekty cudzích investícií v ďalších medzinárodných dokumentoch. Investície a GATT. Uplatňovanie zákona o skúmaní cudzích investícií (Foreign Investment Review Act - FIRA). 
610 2 0 |a obchod medzinárodný 
610 2 0 |a investície zahraničné 
610 2 0 |a trh medzinárodný 
610 2 0 |a dohody obchodné medzinárodné 
610 2 0 |a dokumenty 
610 2 0 |a charta 
610 2 0 |a FIRA 
610 2 0 |a GATT 
610 2 0 |a TRIMS 
100 1 |a Jung, Z.